000 00251nam a2200085Ia 4500
245 0 _aTrim : step-by-step
100 _a Barrett, Neal, Upper Saddle River, N.J., [c.2009] 2nd ed
_959518
942 _cBK
008 210819s9999 xx 000 0 und d
999 _c292131
_d292130